Procesy jsou důležitejší než dělba práce

Hlavným dôvodom prečo sa podniky dostávajú do problémov, je prehnaná a skostnatená deľba práce. Rozhodujúca pre podnik je organizácia práce v podniku. Dôležitosť procesov, ktoré sa odohrávajú v podniku. Okolo nich sa musí podnik organizovať. Príklady 3 podnikov.

Guardado en:
Detalles Bibliográficos
Formato: Capítulo de libro
Lenguaje:checo
Materias:
Etiquetas: Agregar Etiqueta
Sin Etiquetas, Sea el primero en etiquetar este registro!

MARC

LEADER 00000naa a2200000 4500
001 r015343
005 20221213082521.2
041 0 |a cze 
044 |a CZ 
245 1 0 |a Procesy jsou důležitejší než dělba práce 
520 |a Hlavným dôvodom prečo sa podniky dostávajú do problémov, je prehnaná a skostnatená deľba práce. Rozhodujúca pre podnik je organizácia práce v podniku. Dôležitosť procesov, ktoré sa odohrávajú v podniku. Okolo nich sa musí podnik organizovať. Príklady 3 podnikov. 
610 2 0 |a deľba práce podniková 
610 2 0 |a organizácia práce 
610 2 0 |a proces pracovný